书目信息 |
| 题名: |
建筑构造与制图
|
|
| 作者: | 朱锋盼 , 郑朝灿 主编 | |
| 分册: | ||
| 出版信息: | 北京 机械工业出版社 2024.09 |
|
| 页数: | 203页, [1] 叶图版 | |
| 开本: | 26cm | |
| 丛书名: | ||
| 单 册: | ||
| 中图分类: | TU22 , TU204 | |
| 科图分类: | ||
| 主题词: | 建筑构造--jian zhu gou zao--高等职业教育--教材 , 建筑制图--jian zhu zhi tu--高等职业教育--教材 | |
| 电子资源: | ||
| ISBN: | 978-7-111-76153-2 | |
| 000 | 01563nam0 2200313 450 | |
| 001 | 91703 | |
| 005 | 20250817110517.38 | |
| 010 | @a978-7-111-76153-2@dCNY45.00 | |
| 100 | @a20240926d2024 em y0chiy50 ea | |
| 101 | 0 | @achi |
| 102 | @aCN@b110000 | |
| 105 | @aaf a 001yy | |
| 106 | @ar | |
| 200 | 1 | @a建筑构造与制图@Ajian zhu gou zao yu zhi tu@f主编朱锋盼, 郑朝灿 |
| 205 | @a第2版 | |
| 210 | @a北京@c机械工业出版社@d2024.09 | |
| 215 | @a203页, [1] 叶图版@c图@d26cm | |
| 314 | @a朱锋盼, 1984年5月, 浙江浦江人, 硕士, 副教授/工程师, 入选金华市321专业技术人才工程第三层次。主要从事建筑工程技术、岩土工程的教学与研究。 | |
| 320 | @a有书目和索引 | |
| 330 | @a本书针对高等职业教育建筑识图技能培养过程中存在的教学项目类型单一、识图与构造平行学习等问题, 将传统的“建筑构造与制图”教材进行了信息化改造, 在关键知识点位置放置了二维码, 使其更适合信息化教学的需要。本书介绍了低层的传达室建筑、多层的住宅楼建筑、高层的办公楼建筑和大跨度的厂房建筑四个不同形式建筑的施工图识读与绘制, 内容上融合了建筑识图、建筑构造、CAD制图的主体知识, 将建筑投影、制图标准、建筑构造等相对零散的知识以施工图绘制为主线展开讲解, 力求实现“教、学、做”一体化。 | |
| 333 | @a浙江省高职院校“十四五”重点立项建设教材 职业教育土建类专业在线精品课程配套教材 | |
| 606 | 0 | @a建筑构造@Ajian zhu gou zao@x高等职业教育@j教材 |
| 606 | 0 | @a建筑制图@Ajian zhu zhi tu@x高等职业教育@j教材 |
| 690 | @aTU22@v5 | |
| 690 | @aTU204@v5 | |
| 701 | 0 | @a朱锋盼@Azhu feng pan@4主编 |
| 701 | 0 | @a郑朝灿@Azheng zhao can@4主编 |
| 801 | 0 | @aCN@c20250909 |
| 905 | @a河南城建学院图书馆@dTU22@eZ840=2@f1 | |
| 建筑构造与制图/主编朱锋盼, 郑朝灿.-第2版.-北京:机械工业出版社,2024.09 |
| 203页, [1] 叶图版:图;26cm |
| 使用对象:浙江省高职院校“十四五”重点立项建设教材 职业教育土建类专业在线精品课程配套教材 |
| ISBN 978-7-111-76153-2:CNY45.00 |
| 本书针对高等职业教育建筑识图技能培养过程中存在的教学项目类型单一、识图与构造平行学习等问题, 将传统的“建筑构造与制图”教材进行了信息化改造, 在关键知识点位置放置了二维码, 使其更适合信息化教学的需要。本书介绍了低层的传达室建筑、多层的住宅楼建筑、高层的办公楼建筑和大跨度的厂房建筑四个不同形式建筑的施工图识读与绘制, 内容上融合了建筑识图、建筑构造、CAD制图的主体知识, 将建筑投影、制图标准、建筑构造等相对零散的知识以施工图绘制为主线展开讲解, 力求实现“教、学、做”一体化。 |
| ● |
| 相关链接 |
|
|
|
正题名:建筑构造与制图
索取号:TU22/Z840=2
 
预约/预借
| 序号 | 登录号 | 条形码 | 馆藏地/架位号 | 状态 | 备注 |
| 1 | 1625667 | 216256673 | 建筑库101/101建筑库 46排4列4层/ [索取号:TU22/Z840=2] | 在馆 |